000 00804nam a2200241Ia 4500
003 OSt
005 20220927105445.0
006 a|||||r|||| 00| 0
007 ta
008 220926b |||||||| |||| 00| 0 eng d
024 _a172409
037 _cReference Collections
040 _aRTL
_cRTL
_beng
041 _2eng
_aeng
082 _a"V1N45,93:3.N54 - N53, J4-20"
110 _a"United Nations, General assembly."
_9372667
245 0 _aReport of the agent general of theU.N.korean reconstruction agency for th eperiod 1 Oct. 1953 to 1 Sep. 1954.
260 _aNew
_bYork U.N.
_c1954
300 _aiv; 37p.
_ccm.
700 _a"United Nations, General assembly."
_9372668
942 _h"V1N45,93:3.N54 - N53, J4-20"
_cCC
999 _c692654
_d692654